Les meilleurs buteurs de Jupiler Pro League par saison au 21eme siecle - Statistiques

Statistiques générales
  • Ce quiz a été pris 37 fois
  • Le résultat moyen est 6 sur 25
Statistiques - réponses
Hint Club Réponse % Correct
2021/22 Union Saint Gilloise Undav
59%
2024/25 Genk Arokodare
56%
2023/24 Cercle Bruges Denkey
56%
2009/10 Anderlecht Lukaku
50%
2013/14 Standard de Liège Batshuayi
47%
2020/21 Genk Onuachu
44%
2014/15 Anderlecht Mitrovic
41%
2011/12 Mons Perbet
38%
2022/23 La Gantoise Cuypers
26%
2019/20 La Gantoise David
24%
2018/19 Genk Samatta
24%
2012/13 Club Bruges Bacca
21%
2017/18 Courtrai Chevalier
21%
2006/07 Beerschot Sterchele
21%
2016/17 Anderlecht Teodorczyk
21%
2010/11 Genk Vossen
21%
2000/01 Anderlecht Radzinski
12%
2002/03 Genk Sonck
9%
2001/02 Genk Sonck
9%
2015/16 Anderlecht Hanni
6%
2004/05 Anderlecht Jestrovic
6%
2007/08 Charleroi Akpala
3%
2003/04 Mouscron Pieroni
3%
2005/06 Beerschot Dosunmu
0%
2008/09 Malines Ruiz
0%
Aucun quiz correspondant
Distribution des résultats
% des personnes avec chaque résultat
Percentile par nombre de réponses
Votre historique - résultats
Vous n’avez pas pris ce quiz